00293nam a2200109Ia 4500082001200000100002000012245005200032260003000084300002100114650003200135710001600167 aTS.0590 aSengupta, Neela 0aStudy of India's balance of payments, 1951-1978 c1982bJadavpur University a226p. + C D - 53 aBALANCE OF PAYMENTS - INDIA aDutta, P.C.